000 00488nam a2200181Ia 4500
008 090123s9999 xx 000 0 und d
082 _b43238
100 _aधर्मापुरीकर मधुकर
245 _aरुप
250 _a100
260 _c2008
300 _a140
600 _aधर्मापुरीकर मधुकर
630 _aरुप
700 _aधर्मापुरीकर मधुकर
730 _aरुप
942 _cBOOK
999 _c81334
_d81334